00484 2200157 4500001002100000005001500021035002000036245010500056100002000161250002000181300005000201700002100251260003200272082000800304084001400312INLIS00000000114782320260311082409 a0010-03260003341 aBelajar Kosakata dan Kalimat dalam 3 Bahasa :bIndonesia.INggris dan Arab /cPenulis:Mahmudah Mastur0 aMahmudah Mastur acetakan pertama a87 halaman :bilustrasi ;c20 x 28 cmekertas0 aPenyunting;Diba, aYogyakarta :bNoktah,c2020 a372 a372 MAH b